Представление документа в формате MARC21

ПолеНазваниеЗначение
  Тип записи a
  Библиографический уровень m
001 Контрольный номер RU\infra-m\znanium\bibl\2220947
005 Дата корректировки 20260429142343.3
008 Кодируемые данные 250724s2025 RU g rus u
020 Индекс ISBN __
a ISBN 978-5-16-021272-2
020 Индекс ISBN __
a ISBN 978-5-16-108610-0 (электр. издание)
040 Источник каталогиз. __
a Служба первич. каталог. Общество с ограниченной ответственностью «ЗНАНИУМ»
041 Код языка издания __
a Код языка текста rus
044 Код страны публикации __
a Код страны публикации RU
080 Индекс УДК __
a Индекс УДК 332(075.8)
084 Индекс другой классификации/Индекс ББК __
2 Источник индекса rubbk
a Индекс другой классификации/Индекс ББК 65.422.5я73
084 Индекс другой классификации/Индекс ББК __
2 Источник индекса okso
a Индекс другой классификации/Индекс ББК 38.03.01
084 Индекс другой классификации/Индекс ББК __
2 Источник индекса okso
a Индекс другой классификации/Индекс ББК 38.03.02
084 Индекс другой классификации/Индекс ББК __
2 Источник индекса okso
a Индекс другой классификации/Индекс ББК 38.03.04
084 Индекс другой классификации/Индекс ББК __
2 Источник индекса okso
a Индекс другой классификации/Индекс ББК 38.03.10
100 Автор __
a Автор Савельева Е.А.
q Полное имя Савельева Екатерина Андреевна
u Дополнение Научно-исследовательский институт труда и социального развития
245 Заглавие __
a Заглавие Экономика и управление недвижимостью
b Продолж. заглавия Учебное пособие
c Ответственность Научно-исследовательский институт труда и социального развития
250 Сведения об издании __
g перераб. и доп.
a Основные сведения об издании 2
260 Выходные данные __
a Место издания Москва
b Издательство ООО "Научно-издательский центр ИНФРА-М"
c Дата издания 2026
300 Физическое описание __
a Объем 447 с.
440 Серия __
a Серия Высшее образование
520 Аннотация __
a Аннотация В учебном пособии рассматриваются правовые и финансовые аспекты экономики и управления недвижимостью анализ рынка недвижимости особенности инвестирования (в том числе проектного финансирования) и ипотечного кредитования; сущность девелопмента; принципы и подходы к эффективному управлению современными объектами недвижимости а также вопросы технической эксплуатации и безопасности зданий; актуальные вопросы налогообложения в сфере недвижимости; методика оценки объектов недвижимости. Соответствует требованиям федеральных государственных образовательных стандартов высшего образования последнего поколения. Предназначено для студентов бакалавриата обучающихся по направлениям подготовки 38.03.01 «Экономика» (профили «Экономика и управление недвижимостью и инвестициями» «Экономика и управление собственностью») и 38.03.02 «Менеджмент» (профиль «Менеджмент недвижимости») а также для студентов других специальностей аспирантов преподавателей начинающих оценщиков аналитиков специалистов по консалтингу и широкого круга читателей интересующихся состоянием и перспективами развития рынка недвижимости.
521 Примеч. о цел. назн. __
a Примеч. о целев. назн. ВО - Бакалавриат
650 Тематические рубрики __
a Основная рубрика Экономика. Бухгалтерский учет. Финансы
x Основная подрубрика Экономика строительства и жилищно-коммунального хозяйства
655 Указ. предметных рубрик (устаревшее) __
a Жанр/ форма (устаревшее) Учебное пособие
856 Электронный адрес документа 4_
a Имя сервера/домена znanium.ru
m Помощь ebs_support@infra-m.ru
n Местонахождение сервера НИЦ ИНФРА-М
u URL https://znanium.ru/catalog/document?id=467909
856 Электронный адрес документа 48
a Имя сервера/домена znanium.ru
d Путь /cover/2220
f Электронное имя 2220947.jpg
q Тип электронного формата image/jpeg
u URL https://znanium.ru/cover/2220/2220947.jpg
911 __
u 0030=https://znanium.ru/catalog/document?id=467909